000 00700nam a22002531 4500
001 17589
003 BD-RjUL
005 20211209000150.0
008 140217s1960 mau 000 0 eng
035 _a(BD-RjUL)17647
035 _a(OCoLC)358300
040 _aDLC
_cODaWU
_dOCoLC
_dDLC
_dBD-RjUL
_beng
041 _aeng
082 _a828.8
_bDIS 1960
245 1 0 _aDiscussions of George Eliot /
_cedited by Richard Stang
260 _aBoston :
_bHeath,
_cc1960.
300 _aviii, 104 p. ;
_c24 cm.
490 0 _aDiscussions of literature
600 1 0 _aEliot, George,
_d1819-1880.
_954232
700 1 _aStang, Richard,
_954219
942 _2ddc
_cBK
999 _c17589
_d17589